000 00955nam a22002297a 4500
005 20240530110624.0
008 170102s2015 ua g 000 0 ara d
017 _a2014/15879
_bمصر. دار الكتب
020 _a9789773833015
040 _aEG-CaGPL
_cEG-CaGPL
082 0 4 _221
_a332.414\
_bم ح
100 0 _aمحسن احمد الخضيرى
245 1 0 _aحرب العملات :
_bمقدمة فى توازنات سعر الصرف و اطلالة لعالم جديد من الصراع على سيادة العالم /
_cمحسن احمد الخضيرى
250 _aط. 1
260 _aالقاهرة :
_bايتراك للطباعة و النشر و التوزيع ،
_c2015.
300 _a242 ص. ؛
_c24 سم.
650 0 7 _2qrmak
_aالسياسة المالية
650 0 7 _2qrmak
_aالاحوال الاقتصادية
650 0 7 _2qrmak
_aالنظام النقدى
942 _2ddc
_cBK
999 _c63121
_d63121